FC 26 TOTW 13 - Statistics

General Stats
  • This quiz has been taken 4 times
  • The average score is 7 of 23
Answer Stats
rat pos club plaeyr % Correct
TOTW 85 CB Tottenham Hotspur Cristian Romero
100%
TOTW 91 ST Bayern Munich Harry Kane
100%
TOTW 88 ST Inter Miami Lionel Messi
100%
TOTW 88 ST Galatasaray Victor Osimhen
75%
TOTW 83 ST Napoli Rasmus Højlund
50%
TOTW 84 ST Feyenoord Ayase Ueda
25%
TOTW 83 CAM Aston Villa Emiliano Buendía
25%
TOTW 83 CAM Cagliari Gianluca Gaetano
25%
TOTW 86 CB OL Lyonnes Ingrid Syrstad Engen
25%
TOTW 86 LW Arsenal Women Olivia Smith
25%
TOTW 83 RM FC Barcelona Roony Bardghji
25%
TOTW 83 CM Paris Saint-Germain Senny Mayulu
25%
TOTW 86 CB Sassuolo Tarik Muharemović
25%
TOTW 84 RW RB Leipzig Yan Diomande
25%
TOTW 83 RW Deportivo Femenino Ainhoa Marín
0%
TOTW 83 LB Augsburg Dimitris Giannoulis
0%
TOTW 83 RB Sheffield United Femi Seriki
0%
TOTW 84 LM Everton Honoka Hayashi
0%
TOTW 83 ST Universitatea Cluj Jovo Lukić
0%
TOTW 83 ST Holstein Kiel Phil Harres
0%
TOTW 83 RM SC Braga Victor Gómez
0%
TOTW 86 CAM Celta Vigo Williot Swedberg
0%
TOTW 83 GK FC Lorient Yvon Mvogo
0%
No matching quizzes found
Score Distribution
Percent of People with Each Score
Percentile by Number Answered
Your Score History
You have not taken this quiz